000 00912nam a2200289 a 4500
001 3909208
003 OSt
005 20140310182329.0
008 911211s1992 wiua j 000 0 eng
010 _a 91077940
020 _a9780862279523
040 _aDLC
_cDLC
042 _alcac
050 0 0 _aPZ 8
_b.J12 1995
082 0 0 _aGS 398.21
_bJ12j 1995
245 1 0 _aJack and the beanstalk /
_cillustrated by Pam Storey ; story re-told by Grace De La Touche.
260 _aLondon :
_bGrandreams Limited,
_cc1995.
300 _a10 p. :
_bcol. ill. ;
_c21 cm.
440 1 _aA Golden tell-a-tale book
_921166
541 _j1
562 _e1
650 1 _aFairy tales.
_93114
700 1 _aWalz, Richard,
_eill.
_921357
906 _a7
_bcbc
_corignew
_d3
_eopcn
_f19
_gy-gencatlg
942 _2lcc
_cBK-GS
999 _c11947
_d11947